3710-徳島市(徳島県)の駅 - Statistics

General Stats
  • This quiz has been taken 10 times
  • The average score is 5 of 10
Answer Stats
Answer % Correct
徳島
100%
佐古
90%
阿波富田
80%
蔵本
60%
吉成
50%
二軒屋
50%
文化の森
40%
地蔵橋
20%
府中
20%
鮎喰
20%
No matching quizzes found
Score Distribution
Percent of People with Each Score
Percentile by Number Answered
Your Score History
You have not taken this quiz